Loading...
| History - European History | 0 | 6 | 0 | 2 | 60 | 50 | 88.00 | 0 | 0 |
| Social Science | 0 | 5 | 0 | 1 | 50 | 61 | 86.80 | 0 | 2 |
| Philosophy | 0 | 4 | 0 | 1 | 40 | 82 | 101.00 | 0 | 1 |
| History - Other History | 0 | 4 | 0 | 0 | 40 | 70 | 88.75 | 0 | 0 |
| History - World History | 0 | 4 | 0 | 0 | 40 | 52 | 75.75 | 0 | 1 |
| Religion | 0 | 4 | 0 | 0 | 40 | 62 | 77.00 | 0 | 1 |
| Literature - British Literature | 0 | 4 | 0 | 0 | 40 | 55 | 71.75 | 0 | 1 |
| Literature - World Literature | 0 | 3 | 0 | 0 | 30 | 35 | 61.67 | 0 | 2 |
| Fine Arts - Classical Music | 0 | 3 | 0 | 0 | 30 | 86 | 100.67 | 0 | 1 |
| Literature - European Literature | 0 | 3 | 0 | 1 | 30 | 84 | 102.67 | 0 | 0 |
| Science - Physics | 0 | 3 | 0 | 1 | 30 | 71 | 88.33 | 0 | 0 |
| Pop Culture | 0 | 2 | 0 | 0 | 20 | 55 | 61.00 | 0 | 0 |
| Painting/Sculpture | 0 | 2 | 0 | 0 | 20 | 98 | 98.00 | 0 | 0 |
| Literature - American Literature | 0 | 2 | 0 | 0 | 20 | 78 | 97.00 | 0 | 1 |
| Science - Biology | 0 | 2 | 0 | 1 | 20 | 81 | 87.50 | 0 | 0 |
| Fine Arts - Other Fine Arts | 0 | 2 | 1 | 1 | 15 | 72 | 90.00 | 0 | 1 |
| History - American History | 0 | 1 | 0 | 0 | 10 | 103 | 103.00 | 0 | 0 |
| Science - Other Science | 0 | 1 | 0 | 1 | 10 | 109 | 109.00 | 0 | 1 |
| Mythology | 0 | 1 | 1 | 0 | 5 | 52 | 52.00 | 0 | 1 |
| Current Events | 0 | 0 | 1 | 0 | -5 | 0.00 | 0 | 0 |